• 首页
  • 本馆介绍
  • 公告通知
  • 最新文献
  • 馆藏检索
  • 电子资源
  • 读者导购
  • 参考咨询
  • 我的图书馆
  • 登录
  • 详细信息显示
  • 放入我的书架
  • 预约/预借图书
  • 作者相关作品
  • 分类相关作品
  • 丛书相关作品
  • 出版社相关作品

书目信息

  • 表格格式
  • 工作单格式
  • 卡片格式
题名:
傅立叶选集
    
 
作者: 傅立叶 著 ;赵俊欣 , 汪文漪 , 吴模信 , 徐知勉 译
分册: 第一卷  
出版信息: 北京   商务印书馆  1979.10
页数: 275页
开本: 19cm
丛书名:
单 册:
中图分类: D091.6
科图分类:
主题词: 政治学--历史 , 政治思想史
电子资源:
ISBN:
000 00752nam0 2200265 45
001 0301031014
005 20060815093624.31
010    @dCNY1.45@b精装
091    @a3017.288
100    @a20030103d1979 km y0chiy0120 ea
101 0  @achi
200 1  @a傅立叶选集@AFu Li Ye Xuan Ji@h第一卷@f傅立叶著@FFu Li Ye Zhu@g赵俊欣,吴模信,徐知勉,汪文漪译
205    @a第2版
210    @a北京@c商务印书馆@d1979.10
215    @a275页@d19cm@c冠图:肖像
606 0  @a政治学@x历史
606 0  @a政治思想史
690    @aD091.6@v3
701  0 @a傅立叶@4著
702  0 @a赵俊欣@AZhao Jun Xin@4译
702  0 @a汪文漪@AWang Wen Yi@4译
702  0 @a吴模信@AWu Mo Xin@4译
702  0 @a徐知勉@AXu Zhi Mian@4译
801    @aCN@bTSTC@c20060815
905    @dD091.6@e10:1=2
    
    傅立叶选集.第一卷/傅立叶著/赵俊欣,吴模信,徐知勉,汪文漪译.-第2版.-北京:商务印书馆,1979.10
    275页;19cm:冠图:肖像
    
    
    ISBN (精装):CNY1.45
    
●
相关链接 在E读中查询图书 在五车中查询图书 在当当中查询图书 在豆瓣中查询图书


正题名:傅立叶选集     索取号:D091.6/10:1=2         预约/预借

序号 登录号 条形码 馆藏地/架位号 状态 备注
1 0449900   204499006   密集书库/ [索取号:D091.6/10:1=2] 在馆    
2 0460189   204601895   密集书库/ [索取号:D091.6/10:1=2] 在馆    
3 0460190   204601902   密集书库/ [索取号:D091.6/10:1=2] 在馆    
唐山师范学院图书馆 欢迎您!
大连网信软件有限公司© 版权所有